000 02101cam a2200313 a 4500
001 17067342
005 20170105102852.0
008 111202s2012 maua b 001 0 eng
010 _a 2011048457
020 _a9789004214156 (pbk. : alk. paper)
040 _aDLC
_cDLC
042 _apcc
043 _an-us---
050 0 0 _aJZ1480
_b.A9585 2012
082 0 0 _a327.73
_223
245 0 0 _aAmerican diplomacy /
_cedited by Paul Sharp and Geoffrey Wiseman.
260 _aBoston :
_bMartinus Nijhoff Publishers,
_c2012.
300 _axx, 233 p. :
_bill. ;
_c25 cm.
504 _aIncludes bibliographical references and index.
505 0 _aIntroduction -- Distinctive characteristics of American diplomacy / Geoffrey Wiseman -- The distinction between foreign policy and diplomacy in American international thought and practice / David Clinton -- US diplomacy and diplomats: a Chinese view / Chen Zhimin -- European responses to US diplomacy / Michael Smith -- Transformational diplomacy: US tactics for change in the Islamic Republic of Iran, 2004-2006 / Karin A. Esposito and S. Alaeddin Vahid Gharavi -- Course corrections: the Obama administration at the United Nations / David Bosco -- American public diplomacy: enduring characteristics, elusive transformation / Bruce Gregory -- Quantum diplomacy, German-US relations and the psychogeography of Berlin / James Der Derian -- Obama, Clinton and the diplomacy of change / Paul Sharp -- The incapacitation of US statecraft and diplomacy / Chas W. Freeman Jr -- The traditions and travails of career diplomacy in the United States / Thomas Hanson -- Digital diplomacy and US foreign policy / Alec Ross -- Conclusion.
650 0 _aUnited States
_xForeign relations.
650 0 _aDiplomatic and consular service, American.
651 0 _aUnited States
_xForeign relations administration.
700 1 _aSharp, Paul,
_d1953-
700 1 _aWiseman, Geoffrey.
906 _a7
_bcbc
_corignew
_d1
_eecip
_f20
_gy-gencatlg
942 _2ddc
_cBK
999 _c14329
_d14329